000 01073cad a22002295a 4500
001 E149605
008 100324s2010 xxkd f s 000 0 eng d
035 _a(Sirsi) u149605
041 0 _aeng
050 0 4 _a333.337 $2 18
110 2 _aSavills Project Consultancy
_95857
245 0 0 _aCommercial development activity
_bMarch 2010
_h[electronic resource]
260 _aLondon
_bSavills
_c2010
490 0 _aSavills UK Commercial Development Activity
_vMarch 2010
520 _aReports that February saw another increase in commercial development activity, with 28% of firms reporting an increase in activity, and 11% reporting a fall. The Total Commercial Development Activity Index stood at +16.9% in February.
590 _aKA
650 2 4 _aSAVILLS UK COMMERCIAL DEVELOPMENT ACTIVITY PMI
651 4 _aUnited Kingdom
_y
690 _aPROPERTY-COMMERCIAL PROPERTY-COMMERCIAL PROPERTY MARKET
856 4 0 _uhttps://www.savills.com/research/uk-research/commercial-development-activity-report-mar-10.pdf
_zView this report free of charge at www.savills.com
942 _n0
999 _c110560
_d110560